| 000 | 01440nam a22002657i 4500 | ||
|---|---|---|---|
| 003 | URS | ||
| 005 | 20220117151144.0 | ||
| 008 | 180108b xxu||||| |||| 00| 0 eng d | ||
| 050 | 1 | 4 |
_aHQ 708 _bM996 2003 |
| 100 | 1 |
_aMyra G. Balliard, _eauthor |
|
| 245 | 1 | 0 |
_aCoping strategies on emotional and family related problems of selected early married couples at Barangay Plaza Aldea, Tanay, Rizal Calendar Year 2002 / _cMyra G. Balliard. |
| 260 | 1 | _c2003. | |
| 300 |
_axvii, 76 leaves ; _billustrations : _c28 cm |
||
| 336 |
_2rdacontent _atext |
||
| 336 |
_2rdacontent _astill image |
||
| 337 |
_2rdamedia _aunmediated |
||
| 338 |
_2rdacarrier _avolume |
||
| 502 |
_aThesis _bBachelor of Science in Psychology _cUniversity of Rizal System _d2003 |
||
| 504 | _aIncludes bibliographical references. | ||
| 520 | _aThe study aimed to determine the coping strategies on emotional and family - related problems of early married couples in Barangay Plaza Aldea, Tanay, Rizal Calendar Year 2002. This study used descriptive method and questionnaire checklist served as the main instrument in gathering the data. The statistical tools were percentage, weighted mean, and chi - square. Frequency, Rank , Likert Scale were also used. The 200 couples were purposively selected. | ||
| 650 | 0 |
_aMarried people _zPhilippines _zTanay (Rizal) _xPsychology |
|
| 650 | 0 | _aMarital conflict | |
| 700 | 1 |
_aPeƱaflor, Juliet C. _edegree supervisor |
|
| 942 |
_2lcc _cT |
||
| 999 |
_c16957 _d16957 |
||